Non-Nuclear Family Simpsons Episode Subjects - Statistics

General Stats
  • This quiz has been taken 39 times
    31 since last reset
  • The average score is 10 of 27
Answer Stats
Answer % Correct
Montgomery Burns
70%
Weylon Smithers
70%
Abe Simpson
61%
Moe Szyslak
57%
Seymour Skinner
57%
Barney Gumble
52%
Apu Nahasapeemapetilon
48%
Krusty Krustovsky
48%
Milhouse VanHouten
48%
Ned Flanders
48%
Nelson Muntz
43%
Otto Mann
43%
Patty/Selma Bouvier
43%
Kirk Van Houten
39%
Luann Van Houten
35%
Clancy Wiggum
30%
Edna Krabappel
30%
Frank Grimes
26%
Martin Prince
26%
Ralph Wiggum
26%
Sideshow Bob Terweliger
26%
Troy McClure
22%
Herb Powell
22%
John
9%
Bleeding Gums Murphy
4%
Larry Burns
4%
Santa's Little Helper
4%
No matching quizzes found
Score Distribution
Percent of People with Each Score
Percentile by Number Answered
Your Score History
You have not taken this quiz since the last reset